01164nam a2200217 a 450000100100000000500170001000800410002704000250006808200150009310000520010824500540016026000360021430000350025049000320028550001400031750000620045783000410051995201720056095201970073299900170092900004562820250307073711.0150417d1984 dr ac 000 0 spa d aDO-SdBNPbspacBNPHU axxxxbxxxx1 aHenríquez Ureña, Pedro,d1884-1946 9171810aPoesías juveniles /cPedro Henríquez Ureña. aSanto Domingo :bTaller,c1984. a72 p. :bil., retrs. ;c17 cm.1 aE. Rodríquez Demoriziv19 aA la cabeza del título: Feria Nacional del Libro, 1984. Homenaje a Pedro Henríquez Ureña en el centenario de su nacimiento, 1884. aPerteneció a la biblioteca personal de Erick Landestoy. 0aE. Rodríquez Demorizi ;n19973694 0010718PDaPDbPDcHDd2015-04-17iLF1l0oxxxx xxxxp45628-10r2020-06-25w2020-06-25yLFPDzPerteneció a la biblioteca personal de Erick Landestoy.ZNo se presta 0010718PDaPDbPDcHDd2015-08-25iLF1l0oxxxx xxxxp45628-20r2020-06-25te. 2w2020-06-25yLFPDzPerteneció a la biblioteca personal de Chiqui Vicioso / Fidelio Despradel.ZNo se presta c45117d45117